| 000 | 00842cam a22002413a 4500 | ||
|---|---|---|---|
| 001 | 19777 | ||
| 003 | PGUSA | ||
| 005 | 20140828083423.0 | ||
| 008 | 061113s2006||||xxu|||||s|||||000 | eng d | ||
| 040 |
_aPGUSA _beng |
||
| 042 | _adc | ||
| 050 | 4 | _aE011 | |
| 100 | 1 |
_aThomas, Cyrus, _d1825-1910 |
|
| 245 | 1 | 0 |
_aAids to the Study of the Maya Codices : _bSixth Annual Report of the Bureau of Ethnology to the Secretary of the Smithsonian Institution, 1884-85, Government Printing Office, Washington, 1888, pages 253-372 _h[electronic resource] / _cCyrus Thomas |
| 260 |
_bProject Gutenberg, _c2006 |
||
| 506 | _aPublic domain in the USA. | ||
| 516 | _aElectronic text | ||
| 653 | _aCodex Dresdensis Maya | ||
| 653 | _aMaya language | ||
| 830 | 0 |
_aProject Gutenberg _v19777 |
|
| 856 | 4 | 0 | _uhttp://www.gutenberg.org/ebooks/19777 |
| 942 | _cEB | ||
| 999 |
_c249032 _d249032 |
||